000 00981nam a2200241Ia 4500
003 OSt
005 20220923221243.0
006 a|||||r|||| 00| 0
007 ta
008 220922b |||||||| |||| 00| 0 hin d
024 _a195,979
037 _cTextual
040 _aARTS
_cARTS
_bhin
041 _2hin
_ahin
082 _aP15:Cx1:1, 152K4
100 _aपाणिनी
245 0 _aअष्टाव्यार्य भाष्य
_b 1 - 3 अध्याय परिशिष्ट सहित ब्रह्मदत जिज्ञासु व्या
246 _aAṣhṭāvyārya bhāṣhya: 1 - 3 adhyāya parishiṣhṭa sahit brahmadat jijnyāsu vyā0
260 _aअमृतसर
_b प्यारेलाल कपूर
_c1964
490 _aरामलाल कपूर ट्रस्ट ग्रंथमाला ,32
942 _hP15:Cx1:1, 152K4
_cTEXL
_2CC
999 _c348070
_d348070